[Event "Primera Copa Universidad La Punta 2009"]
[Site "Buenos Aires ARG"]
[Date "2009.05.30"]
[Round "7.1"]
[White "Slipak, Sergio"]
[Black "Bitelmajer, Martin"]
[Result "1/2-1/2"]
[WhiteElo "2446"]
[BlackElo "2314"]
[PlyCount "37"]
[EventDate "2009.05.25"]
[EventType "swiss"]
[EventRounds "9"]
[EventCountry "ARG"]
[Source "lmi"]
[SourceDate "2009.05.25"]

1. d4 Nf6 2. c4 e6 3. Nf3 Bb4+ 4. Nbd2 O-O 5. a3 Bxd2+ 6. Bxd2 b6 7. Bg5 Bb7 8.
e3 d6 9. Bd3 Qe7 10. O-O Nbd7 11. b4 c5 12. Nd2 Rfe8 13. Rb1 Bc6 14. Bh4 a5 15.
bxa5 bxa5 16. Be4 d5 17. cxd5 exd5 18. Bf5 cxd4 19. exd4 1/2-1/2

[Event "Primera Copa Universidad La Punta 2009"]
[Site "Buenos Aires ARG"]
[Date "2009.05.30"]
[Round "7.2"]
[White "Liascovich, Lucas"]
[Black "Alonso, Salvador"]
[Result "0-1"]
[WhiteElo "2439"]
[BlackElo "2489"]
[PlyCount "150"]
[EventDate "2009.05.25"]
[EventType "swiss"]
[EventRounds "9"]
[EventCountry "ARG"]
[Source "lmi"]
[SourceDate "2009.05.25"]

1. e4 c5 2. Nc3 g6 3. f4 Bg7 4. Nf3 Nc6 5. Bc4 e6 6. O-O Nge7 7. d3 O-O 8. Qe1
d5 9. Bb3 Nd4 10. Nxd4 cxd4 11. Nd1 dxe4 12. dxe4 b6 13. Nf2 Ba6 14. Nd3 Rc8
15. f5 exf5 16. Bg5 Qd7 17. Qh4 Rce8 18. Bxe7 Qxe7 19. Qxe7 Rxe7 20. exf5 Bh6
21. a4 Bc8 22. fxg6 hxg6 23. a5 b5 24. Nf4 Kg7 25. Rad1 Rd8 26. h3 Bb7 27. Rd3
Be4 28. Rdd1 Rd6 29. h4 f5 30. Rde1 Kf6 31. Kh2 Bxf4+ 32. Rxf4 Ke5 33. g3 g5
34. hxg5 Rg6 35. Rh4 Reg7 36. Re2 Rxg5 37. Rh3 R5g6 38. Ba2 Rc6 39. Rh8 Rgg6
40. Re8+ Kd6 41. Bb3 Rc7 42. R8xe4 fxe4 43. Rxe4 Kc5 44. g4 Rd6 45. Kg3 d3 46.
c3 d2 47. Bd1 Rd3+ 48. Kf2 Rh7 49. Ke2 Rd5 50. b4+ Kd6 51. Re8 Rh2+ 52. Ke3 Kd7
53. c4 bxc4 54. Ba4+ Kc7 55. Re7+ Kc8 56. Re8+ Kc7 57. Re7+ Kc8 58. Re8+ Rd8
59. Rxd8+ Kxd8 60. Bd1 c3 61. Kd3 Rh3+ 62. Kc2 Rg3 63. g5 Rxg5 64. Kxc3 Rd5 65.
Kc2 Kc7 66. Be2 Kd6 67. Bd1 Ke5 68. Kc3 a6 69. Kc4 Rd8 70. b5 Rd4+ 71. Kc5 Rd5+
72. Kb6 Rxb5+ 73. Kxa6 Rb1 74. Bh5 Ke6 75. Ka7 Rb5 0-1

[Event "Primera Copa Universidad La Punta 2009"]
[Site "Buenos Aires ARG"]
[Date "2009.05.30"]
[Round "7.3"]
[White "Rodriguez Villa, Andres"]
[Black "Barrionuevo, Pablo"]
[Result "0-1"]
[WhiteElo "2524"]
[BlackElo "2320"]
[PlyCount "34"]
[EventDate "2009.05.25"]
[EventType "swiss"]
[EventRounds "9"]
[EventCountry "ARG"]
[Source "lmi"]
[SourceDate "2009.05.25"]

1. e4 e5 2. Nf3 Nf6 3. Bc4 Nxe4 4. Nc3 Nc6 5. Nxe4 d5 6. Bd3 dxe4 7. Bxe4 Bd6
8. Bxc6+ bxc6 9. d4 exd4 10. Qxd4 O-O 11. Be3 Bf5 12. O-O-O Re8 13. Rhe1 Qc8
14. Qc4 Qb7 15. Ng5 Bg6 16. Bf4 Qb5 17. Qd4 Qf5 0-1

[Event "Primera Copa Universidad La Punta 2009"]
[Site "Buenos Aires ARG"]
[Date "2009.05.30"]
[Round "7.4"]
[White "Ambrogi, Agustin"]
[Black "Pierrot, Facundo"]
[Result "1/2-1/2"]
[WhiteElo "2255"]
[BlackElo "2422"]
[PlyCount "69"]
[EventDate "2009.05.25"]
[EventType "swiss"]
[EventRounds "9"]
[EventCountry "ARG"]
[Source "lmi"]
[SourceDate "2009.05.25"]

1. e4 c5 2. d4 cxd4 3. c3 Nf6 4. e5 Nd5 5. Bc4 Qc7 6. Qe2 Nb6 7. Bd3 Nc6 8. Nf3
Nb4 9. O-O Nxd3 10. Qxd3 Qc4 11. Qxc4 Nxc4 12. b3 Nb6 13. Nxd4 f6 14. f4 d6 15.
Re1 dxe5 16. fxe5 fxe5 17. Rxe5 Bd7 18. a4 g6 19. Ba3 Nc8 20. Ne6 Bxe6 21. Rxe6
Bg7 22. Ra2 Kf7 23. Rae2 Rd8 24. Re1 Bf6 25. Bb2 Nd6 26. R6e2 Nf5 27. Nd2 h5
28. Ne4 Rac8 29. g3 Rd3 30. Rf1 a6 31. Ba3 Rc7 32. Bb4 Re3 33. Rfe1 Rd3 34. Rf1
Re3 35. Rfe1 1/2-1/2

[Event "Primera Copa Universidad La Punta 2009"]
[Site "Buenos Aires ARG"]
[Date "2009.05.30"]
[Round "7.5"]
[White "Bronstein, Luis Marcos"]
[Black "Duarte, Leonardo"]
[Result "1/2-1/2"]
[WhiteElo "2401"]
[BlackElo "2439"]
[PlyCount "52"]
[EventDate "2009.05.25"]
[EventType "swiss"]
[EventRounds "9"]
[EventCountry "ARG"]
[Source "lmi"]
[SourceDate "2009.05.25"]

1. e4 c5 2. Nf3 e6 3. Nc3 a6 4. d4 cxd4 5. Nxd4 Qc7 6. g3 Nc6 7. Bg2 Nf6 8. O-O
Be7 9. Re1 d6 10. Nxc6 bxc6 11. e5 dxe5 12. Rxe5 O-O 13. Bf4 Qb7 14. Rb1 Rd8
15. Qf3 Nd5 16. Nxd5 exd5 17. h4 Be6 18. Ree1 Bf6 19. Be5 Bxe5 20. Rxe5 a5 21.
b3 a4 22. Rbe1 axb3 23. axb3 Qb4 24. Kh2 h6 25. Bh3 Bxh3 26. Kxh3 Rf8 1/2-1/2

[Event "Primera Copa Universidad La Punta 2009"]
[Site "Buenos Aires ARG"]
[Date "2009.05.30"]
[Round "7.6"]
[White "Tristan, Leonardo"]
[Black "Garcia, Raimundo"]
[Result "1/2-1/2"]
[WhiteElo "2393"]
[BlackElo "2342"]
[PlyCount "85"]
[EventDate "2009.05.25"]
[EventType "swiss"]
[EventRounds "9"]
[EventCountry "ARG"]
[Source "lmi"]
[SourceDate "2009.05.25"]

1. e4 c5 2. Nc3 e6 3. Nf3 a6 4. d4 cxd4 5. Nxd4 b5 6. Bd3 b4 7. Na4 Bb7 8. O-O
d6 9. a3 Nf6 10. Re1 bxa3 11. Rxa3 Nbd7 12. Rb3 Qc7 13. Rc3 Qa5 14. Bd2 Qxa4
15. Rc4 Qa2 16. Rb4 d5 17. Rxb7 dxe4 18. Rxd7 Kxd7 19. Bxe4 Nxe4 20. Rxe4 Qd5
21. Qf3 f5 22. Nxf5 Bc5 23. Nd4 Rhf8 24. Qg4 Rae8 25. b4 h5 26. Qxg7+ Re7 27.
Qxf8 Qxe4 28. bxc5 Qxd4 29. c6+ Kxc6 30. Qc8+ Rc7 31. Qxa6+ Qb6 32. Qa4+ Kb7
33. h3 Qb1+ 34. Kh2 Qxc2 35. Qb5+ Kc8 36. Bf4 Qc6 37. Qe5 Rf7 38. Bg3 Rf5 39.
Qb8+ Kd7 40. Qa7+ Ke8 41. Qb8+ Kd7 42. Qa7+ Ke8 43. Qb8+ 1/2-1/2

[Event "Primera Copa Universidad La Punta 2009"]
[Site "Buenos Aires ARG"]
[Date "2009.05.30"]
[Round "7.8"]
[White "Mazzoleni, Julio"]
[Black "Della Morte, German"]
[Result "0-1"]
[WhiteElo "2185"]
[BlackElo "2382"]
[PlyCount "106"]
[EventDate "2009.05.25"]
[EventType "swiss"]
[EventRounds "9"]
[EventCountry "ARG"]
[Source "lmi"]
[SourceDate "2009.05.25"]

1. Nc3 Nf6 2. d4 d5 3. Bg5 Nbd7 4. Nf3 c5 5. Bxf6 Nxf6 6. e3 e6 7. Bd3 c4 8.
Be2 Bb4 9. O-O Bxc3 10. bxc3 Ne4 11. Qe1 Qa5 12. Nd2 Nxc3 13. Bf3 Nb5 14. a4
Nd6 15. e4 O-O 16. Qe3 Rd8 17. c3 Bd7 18. Rfb1 Bc6 19. Rb4 Rac8 20. e5 Ne8 21.
Bd1 b5 22. f4 Rb8 23. Rab1 Rb6 24. axb5 Rxb5 25. Rxb5 Bxb5 26. Bc2 Bd7 27. Nf3
g6 28. g4 Qa2 29. Rc1 Rb8 30. f5 Rb2 31. Qh6 exf5 32. Ng5 Be6 33. Nxh7 Ng7 34.
Nf6+ Kf8 35. Qh8+ Ke7 36. Qxg7 Rxc2 37. Rxc2 Qb1+ 38. Kf2 Qxc2+ 39. Kg1 Qb1+
40. Kf2 Qb2+ 41. Kg1 Qb8 42. gxf5 Qb1+ 43. Kg2 Qc2+ 44. Kg1 Qc1+ 45. Kg2 Qg5+
46. Kh1 Qxf5 47. Kg2 Qh3+ 48. Kg1 Qe3+ 49. Kh1 Qf3+ 50. Kg1 Bh3 51. Ng8+ Kd7
52. e6+ Kc6 53. Ne7+ Kb5 0-1

[Event "Primera Copa Universidad La Punta 2009"]
[Site "Buenos Aires ARG"]
[Date "2009.05.30"]
[Round "7.9"]
[White "Bianchi, Lucas"]
[Black "Quiroga, Facundo"]
[Result "1/2-1/2"]
[WhiteElo "2090"]
[BlackElo "2329"]
[PlyCount "74"]
[EventDate "2009.05.25"]
[EventType "swiss"]
[EventRounds "9"]
[EventCountry "ARG"]
[Source "lmi"]
[SourceDate "2009.05.25"]

1. b3 d5 2. Bb2 Nd7 3. f4 Ngf6 4. e3 g6 5. Nf3 Bg7 6. Be2 O-O 7. O-O a5 8. a4
c6 9. h3 Nc5 10. d3 Ng4 11. Bxg7 Nxe3 12. Qe1 Nxb3 13. cxb3 Kxg7 14. Qc3+ f6
15. Rf2 Qd6 16. Ne1 d4 17. Qc1 e5 18. fxe5 Qxe5 19. Nf3 Qg3 20. Nxd4 Bxh3 21.
Bf3 Rfe8 22. Nd2 Bxg2 23. Ne2 Qh4 24. Rxg2 Nxg2 25. Ne4 Rad8 26. Kxg2 Rxd3 27.
Qc2 Rxf3 28. Kxf3 Qh5+ 29. Kg2 Qe5 30. N2c3 f5 31. Ng5 Qf4 32. Nf3 Re3 33. Qd1
Qg4+ 34. Kf2 f4 35. Qd4+ Kg8 36. Qd8+ Kg7 37. Qd4+ Kg8 1/2-1/2

[Event "Primera Copa Universidad La Punta 2009"]
[Site "Buenos Aires ARG"]
[Date "2009.05.30"]
[Round "7.11"]
[White "Ocampos, Ian"]
[Black "Malbran, Guillermo"]
[Result "0-1"]
[WhiteElo "1973"]
[BlackElo "2238"]
[PlyCount "116"]
[EventDate "2009.05.25"]
[EventType "swiss"]
[EventRounds "9"]
[EventCountry "ARG"]
[Source "lmi"]
[SourceDate "2009.05.25"]

1. e4 Nf6 2. e5 Nd5 3. d4 d6 4. c4 Nb6 5. f4 dxe5 6. fxe5 Nc6 7. Be3 Bf5 8. Nc3
e6 9. Nf3 Bg4 10. c5 Nd5 11. Nxd5 Qxd5 12. Be2 Be7 13. O-O O-O 14. Qe1 Bf5 15.
b3 Qe4 16. Qf2 Nb4 17. Nd2 Qh4 18. g3 Qh3 19. Qf3 Nd5 20. Bc4 Rad8 21. Ne4 Qg4
22. Qxg4 Bxg4 23. Bd2 Bf5 24. Rae1 Bg6 25. Nc3 Nb4 26. Nb5 Nc2 27. Bc3 a6 28.
Nxc7 Nxe1 29. Rxe1 Rc8 30. Nxe6 fxe6 31. Bxe6+ Bf7 32. Bxc8 Rxc8 33. e6 Be8 34.
Ba5 Bc6 35. Bc3 Bf6 36. Kf2 Bd5 37. e7 Kf7 38. e8=Q+ Rxe8 39. Rxe8 Kxe8 40. Ke3
Bg5+ 41. Kd3 Kd7 42. h4 Bd8 43. Be1 h5 44. Kc3 Ke6 45. a4 Bc6 46. Kc4 Bd5+ 47.
Kc3 Bc7 48. b4 Bc6 49. Kc4 Bxa4 50. d5+ Kd7 51. d6 Bd8 52. Kd5 Bf6 53. Ke4 Ke6
54. Kf4 Bc6 55. g4 g6 56. g5 Bd4 57. Bd2 Bf2 58. Bc3 Bxh4 0-1

[Event "Primera Copa Universidad La Punta 2009"]
[Site "Buenos Aires ARG"]
[Date "2009.05.30"]
[Round "7.13"]
[White "Albarracin, Nicolas"]
[Black "Contin, Daniel"]
[Result "1/2-1/2"]
[WhiteElo "2029"]
[BlackElo "2321"]
[PlyCount "111"]
[EventDate "2009.05.25"]
[EventType "swiss"]
[EventRounds "9"]
[EventCountry "ARG"]
[Source "lmi"]
[SourceDate "2009.05.25"]

1. e4 e6 2. d4 d5 3. e5 c5 4. c3 Bd7 5. Nf3 Qb6 6. a4 Nc6 7. Be2 Nh6 8. Bxh6
gxh6 9. Qd2 Na5 10. Ra2 Rc8 11. O-O cxd4 12. Nxd4 Bg7 13. b4 Nc4 14. Bxc4 Rxc4
15. a5 Qd8 16. Qe3 a6 17. f4 O-O 18. g4 f6 19. exf6 Qxf6 20. Nd2 Rxc3 21. Qxc3
Qxd4+ 22. Qxd4 Bxd4+ 23. Kg2 Bb5 24. Re1 Rxf4 25. Nf3 Bc3 26. Rxe6 Rxg4+ 27.
Kh1 Rg6 28. Rg2 Kf7 29. Re3 d4 30. Rxc3 dxc3 31. Ne5+ Kf6 32. Nxg6 Bc6 33. Nf4
Ke5 34. Ne2 c2 35. Kg1 Bxg2 36. Kxg2 Ke4 37. Kf2 h5 38. Nc1 Kd4 39. Ke2 Kc3 40.
Nd3 h4 41. Nc1 Kxb4 42. Kd2 Kxa5 43. Ne2 Kb4 44. Kxc2 Kc4 45. Nf4 Kd4 46. Ng2
Ke4 47. Nxh4 Kf4 48. Ng2+ Kg4 49. Ne1 h5 50. Kd2 a5 51. Ke3 b5 52. Nc2 Kh3 53.
Ne1 b4 54. Nd3 b3 55. Nb2 h4 56. Kf3 1/2-1/2

[Event "Primera Copa Universidad La Punta 2009"]
[Site "Buenos Aires ARG"]
[Date "2009.05.30"]
[Round "7.14"]
[White "Krysa, Leandro"]
[Black "Fernandez, Maria F"]
[Result "1-0"]
[WhiteElo "2238"]
[BlackElo "2105"]
[PlyCount "60"]
[EventDate "2009.05.25"]
[EventType "swiss"]
[EventRounds "9"]
[EventCountry "ARG"]
[Source "lmi"]
[SourceDate "2009.05.25"]

1. d4 Nf6 2. c4 g6 3. Nc3 Bg7 4. e4 d6 5. Nf3 O-O 6. Be2 e5 7. O-O Nc6 8. Be3
exd4 9. Nxd4 Re8 10. f3 Nh5 11. Qd2 Nxd4 12. Bxd4 Nf4 13. Rfd1 Qg5 14. Bf1 Bh6
15. Kh1 Qh5 16. Be3 g5 17. Bxf4 gxf4 18. Nd5 Bg5 19. Nxc7 Be6 20. Nxa8 Rxa8 21.
Qxd6 Qh4 22. e5 Kh8 23. Qc7 b6 24. b4 Rg8 25. c5 bxc5 26. Qxc5 Rg6 27. Rac1 Rh6
28. Qg1 Bd8 29. Bc4 Bxc4 30. Rxc4 Be7 1-0

[Event "Primera Copa Universidad La Punta 2009"]
[Site "Buenos Aires ARG"]
[Date "2009.05.30"]
[Round "8.1"]
[White "Alonso, Salvador"]
[Black "Slipak, Sergio"]
[Result "1/2-1/2"]
[WhiteElo "2489"]
[BlackElo "2446"]
[PlyCount "32"]
[EventDate "2009.05.25"]
[EventType "swiss"]
[EventRounds "9"]
[EventCountry "ARG"]
[Source "lmi"]
[SourceDate "2009.05.25"]

1. e4 e5 2. Nf3 Nc6 3. Bb5 Nf6 4. O-O Nxe4 5. d4 Nd6 6. Bxc6 dxc6 7. dxe5 Nf5
8. Qxd8+ Kxd8 9. Nc3 Ke8 10. Bf4 h6 11. Rad1 Be6 12. a3 Rd8 13. h3 Be7 14. g4
Nh4 15. Rxd8+ Kxd8 16. Nd4 Kc8 1/2-1/2

[Event "Primera Copa Universidad La Punta 2009"]
[Site "Buenos Aires ARG"]
[Date "2009.05.30"]
[Round "8.2"]
[White "Bitelmajer, Martin"]
[Black "Barrionuevo, Pablo"]
[Result "0-1"]
[WhiteElo "2314"]
[BlackElo "2320"]
[PlyCount "84"]
[EventDate "2009.05.25"]
[EventType "swiss"]
[EventRounds "9"]
[EventCountry "ARG"]
[Source "lmi"]
[SourceDate "2009.05.25"]

1. d4 d5 2. c4 e6 3. g3 Nf6 4. Bg2 Be7 5. Nf3 O-O 6. O-O c5 7. cxd5 exd5 8. Nc3
Nc6 9. dxc5 Bxc5 10. a3 a5 11. Bg5 d4 12. Na4 Ba7 13. Rc1 h6 14. Bxf6 Qxf6 15.
Nc5 Rd8 16. Nd3 Bf5 17. Qb3 Qe7 18. Nh4 Bg4 19. Rfe1 Rd6 20. h3 Be6 21. Qb5 g6
22. b4 axb4 23. axb4 Rad8 24. Qa4 Bb6 25. Nf3 Bd5 26. Nd2 Bxg2 27. Kxg2 Re6 28.
Nf4 Rf6 29. b5 Ne5 30. Qc2 Qd7 31. Ne4 Rf5 32. Qd2 Qxb5 33. Red1 g5 34. Nh5 d3
35. g4 Ba5 36. Qe3 Bb6 37. Rb1 Qxb1 38. Rxb1 Bxe3 39. fxe3 dxe2 40. gxf5 Rd1
41. Rxb7 Rg1+ 42. Kh2 Nf3# 0-1

[Event "Primera Copa Universidad La Punta 2009"]
[Site "Buenos Aires ARG"]
[Date "2009.05.30"]
[Round "8.3"]
[White "Liascovich, Lucas"]
[Black "Duarte, Leonardo"]
[Result "1/2-1/2"]
[WhiteElo "2439"]
[BlackElo "2439"]
[PlyCount "97"]
[EventDate "2009.05.25"]
[EventType "swiss"]
[EventRounds "9"]
[EventCountry "ARG"]
[Source "lmi"]
[SourceDate "2009.05.25"]

1. b3 d5 2. Bb2 Nf6 3. e3 Bg4 4. Be2 Bxe2 5. Qxe2 c6 6. f4 e6 7. Nf3 Bd6 8. O-O
O-O 9. d3 Nbd7 10. Ne5 Qc7 11. Nxd7 Nxd7 12. Nd2 e5 13. f5 e4 14. Qh5 Be5 15.
Bxe5 Qxe5 16. d4 Qe7 17. c4 dxc4 18. bxc4 c5 19. Nb3 Nf6 20. Qe2 cxd4 21. exd4
Rac8 22. Rac1 Rfd8 23. Rfd1 h6 24. h3 Qd7 25. g4 Qd6 26. Kg2 b6 27. d5 Re8 28.
Qe3 Qe5 29. d6 Red8 30. Qg3 Qxg3+ 31. Kxg3 Rc6 32. Rd4 Rdxd6 33. Rcd1 Rxd4 34.
Rxd4 Kf8 35. h4 Ke7 36. g5 hxg5 37. hxg5 Ne8 38. Rxe4+ Kd7 39. Rd4+ Rd6 40. Kf4
Rxd4+ 41. Nxd4 Nd6 42. g6 fxg6 43. fxg6 a6 44. Ke5 Nxc4+ 45. Kd5 Nd6 46. Ne6
Ne8 47. Ke5 a5 48. Nd4 Nd6 49. Kd5 1/2-1/2

[Event "Primera Copa Universidad La Punta 2009"]
[Site "Buenos Aires ARG"]
[Date "2009.05.30"]
[Round "8.4"]
[White "Garcia, Raimundo"]
[Black "Pierrot, Facundo"]
[Result "1/2-1/2"]
[WhiteElo "2342"]
[BlackElo "2422"]
[PlyCount "23"]
[EventDate "2009.05.25"]
[EventType "swiss"]
[EventRounds "9"]
[EventCountry "ARG"]
[Source "lmi"]
[SourceDate "2009.05.25"]

1. Nf3 c5 2. c4 Nc6 3. d4 cxd4 4. Nxd4 Nf6 5. Nc3 e6 6. a3 Be7 7. e4 O-O 8. Be2
d5 9. exd5 exd5 10. O-O Nxd4 11. Qxd4 dxc4 12. Qxd8 1/2-1/2

[Event "Primera Copa Universidad La Punta 2009"]
[Site "Buenos Aires ARG"]
[Date "2009.05.30"]
[Round "8.7"]
[White "Della Morte, German"]
[Black "Pina, Ulises"]
[Result "0-1"]
[WhiteElo "2382"]
[BlackElo "2310"]
[PlyCount "66"]
[EventDate "2009.05.25"]
[EventType "swiss"]
[EventRounds "9"]
[EventCountry "ARG"]
[Source "lmi"]
[SourceDate "2009.05.25"]

1. e4 e5 2. Nf3 Nc6 3. Bc4 g6 4. c3 Bg7 5. d4 d6 6. d5 Nce7 7. Qe2 h6 8. Nbd2
f5 9. h3 Nf6 10. Nh4 O-O 11. g3 g5 12. Nxf5 Nxf5 13. exf5 Bxf5 14. h4 g4 15.
O-O Qe8 16. Re1 Qg6 17. Nf1 h5 18. Nh2 Kh8 19. Bg5 Ne4 20. Be3 Bh6 21. Rf1 Rf7
22. Rad1 Raf8 23. Bxh6 Qxh6 24. Bd3 Nxf2 25. Rxf2 Bxd3 26. Qd2 Qxd2 27. Rfxd2
e4 28. Re1 Rf5 29. c4 Bxc4 30. Rxe4 Bxd5 31. Re7 Bc6 32. Rxc7 Rc5 33. Nf1 Rxf1+
0-1

[Event "Primera Copa Universidad La Punta 2009"]
[Site "Buenos Aires ARG"]
[Date "2009.05.30"]
[Round "8.8"]
[White "Rodriguez Villa, Andres"]
[Black "Virgillito, Cristian"]
[Result "1-0"]
[WhiteElo "2524"]
[BlackElo "2216"]
[PlyCount "59"]
[EventDate "2009.05.25"]
[EventType "swiss"]
[EventRounds "9"]
[EventCountry "ARG"]
[Source "lmi"]
[SourceDate "2009.05.25"]

1. e4 e5 2. Nf3 Nc6 3. Bc4 Bc5 4. c3 Nf6 5. d3 a6 6. O-O O-O 7. Re1 d6 8. b4
Ba7 9. Bg5 Ne7 10. d4 Ng6 11. dxe5 dxe5 12. Qxd8 Rxd8 13. Bxf6 gxf6 14. g3 Be6
15. Bf1 a5 16. b5 a4 17. Nbd2 Bc5 18. Nc4 Kf8 19. h4 a3 20. Nfd2 Ra4 21. Nb3 b6
22. Ncd2 Bd6 23. Rac1 f5 24. Bh3 f4 25. Bxe6 fxe6 26. h5 Ne7 27. gxf4 c6 28.
Nf3 cxb5 29. fxe5 Bc5 30. Ng5 1-0

[Event "Primera Copa Universidad La Punta 2009"]
[Site "Buenos Aires ARG"]
[Date "2009.05.31"]
[Round "8.10"]
[White "Elias, Leonardo"]
[Black "Perelman, Hernan"]
[Result "1/2-1/2"]
[WhiteElo "2126"]
[BlackElo "2326"]
[PlyCount "134"]
[EventDate "2009.05.25"]
[EventType "swiss"]
[EventRounds "9"]
[EventCountry "ARG"]
[Source "lmi"]
[SourceDate "2009.05.25"]

1. e4 d6 2. Nf3 Nf6 3. Nc3 e5 4. d4 Nbd7 5. Bc4 Be7 6. Ng5 O-O 7. Bxf7+ Rxf7 8.
Ne6 Qe8 9. Nxc7 Qd8 10. Nxa8 b5 11. dxe5 dxe5 12. Nd5 Bd6 13. Bg5 Bb7 14. Qd3
Qxa8 15. Nxf6+ gxf6 16. Qxd6 fxg5 17. f3 Bxe4 18. O-O-O Bf5 19. Rd2 e4 20. Qg3
Rg7 21. fxe4 Qxe4 22. Re1 Qc6 23. Qe3 Nf6 24. Qe5 Be4 25. Rf2 Rg6 26. Qb8+ Kg7
27. Qxa7+ Kh6 28. Qe3 Bxg2 29. h4 Ng4 30. hxg5+ Rxg5 31. Qe6+ Rg6 32. Qxc6 Bxc6
33. Rf5 Rd6 34. Rc5 Kg6 35. c4 bxc4 36. Rxc4 h5 37. b4 Bf3 38. Re8 Nf6 39. Re3
Bg4 40. a4 Nd5 41. Re8 Bd7 42. Rg8+ Kf7 43. Rg5 Bxa4 44. Rxh5 Bb3 45. Rd4 Rc6+
46. Kb2 Nf6 47. Rc5 Ba4 48. Rxc6 Bxc6 49. Kc3 Bb5 50. Rd8 Ke7 51. Rb8 Be2 52.
b5 Nd7 53. Rb7 Kd6 54. Kb4 Bf3 55. Ra7 Nb6 56. Ka5 Nc8 57. Rh7 Be4 58. Rf7 Bd5
59. Rg7 Be4 60. b6 Ne7 61. Ka6 Nc6 62. b7 Nb4+ 63. Kb6 Bxb7 64. Kxb7 Nd5 65.
Rg6+ Ke5 66. Rc6 Ne3 67. Kb6 Nf5 1/2-1/2

[Event "Primera Copa Universidad La Punta 2009"]
[Site "Buenos Aires ARG"]
[Date "2009.05.30"]
[Round "8.11"]
[White "Lanza, Luciano"]
[Black "Krysa, Leandro"]
[Result "1/2-1/2"]
[WhiteElo "2114"]
[BlackElo "2238"]
[PlyCount "125"]
[EventDate "2009.05.25"]
[EventType "swiss"]
[EventRounds "9"]
[EventCountry "ARG"]
[Source "lmi"]
[SourceDate "2009.05.25"]

1. e4 e5 2. Nf3 Nc6 3. Bb5 a6 4. Ba4 Nf6 5. O-O Be7 6. Re1 b5 7. Bb3 d6 8. c3
O-O 9. h3 Nb8 10. d4 Nbd7 11. Bc2 Bb7 12. Nbd2 Re8 13. a3 Bf8 14. b4 g6 15. Bb2
Bg7 16. Qb1 d5 17. dxe5 Nxe4 18. Nxe4 dxe4 19. Bxe4 Bxe4 20. Rxe4 Nxe5 21. Nxe5
Bxe5 22. c4 Bxb2 23. Rxe8+ Qxe8 24. Qxb2 c6 25. cxb5 cxb5 26. Qf6 Qd8 27. Qc6
Ra7 28. Re1 Qc7 29. Qf6 Qd7 30. Qb6 Ra8 31. Qf6 Qd5 32. Rc1 Qb7 33. Rc6 h5 34.
Qd6 Qa7 35. Rb6 Re8 36. Kf1 Rc8 37. Kg1 h4 38. Qf6 Rc1+ 39. Kh2 Rd1 40. Rxa6
Qb8+ 41. f4 Qb7 42. Rb6 Qa7 43. Qc6 Qxa3 44. Qe8+ Kg7 45. Qe5+ Kh7 46. Qg5 Qg3+
47. Qxg3 hxg3+ 48. Kxg3 Rd3+ 49. Kg4 Rd5 50. g3 Kg7 51. Kf3 Rd3+ 52. Kf2 Rd5
53. Kf3 Rd3+ 54. Kf2 Rd5 55. Ke3 f5 56. Rc6 Rd1 57. Rc5 Rb1 58. Rxb5 Rb3+ 59.
Kf2 Rb2+ 60. Ke3 Rb3+ 61. Kd4 Rxg3 62. h4 Rh3 63. Ke5 1/2-1/2

[Event "Primera Copa Universidad La Punta 2009"]
[Site "Buenos Aires ARG"]
[Date "2009.05.30"]
[Round "8.13"]
[White "Contin, Daniel"]
[Black "Carraro, Denise"]
[Result "1-0"]
[WhiteElo "2321"]
[BlackElo "2097"]
[PlyCount "65"]
[EventDate "2009.05.25"]
[EventType "swiss"]
[EventRounds "9"]
[EventCountry "ARG"]
[Source "lmi"]
[SourceDate "2009.05.25"]

1. c4 e5 2. Nc3 Nc6 3. g3 Bc5 4. Bg2 f5 5. e3 Nf6 6. Nge2 e4 7. d4 exd3 8. Qxd3
Ne5 9. Qc2 O-O 10. O-O Qe8 11. b3 d6 12. Na4 Bb6 13. Bb2 Bd7 14. Nxb6 axb6 15.
Nd4 Qh5 16. Qd1 Qh6 17. Nb5 f4 18. exf4 Bh3 19. fxe5 Ng4 20. Bxh3 Qxh3 21. Qd5+
Rf7 22. Qg2 Qh6 23. exd6 Raf8 24. dxc7 Nxf2 25. Rxf2 Rxf2 26. Qxf2 Rxf2 27.
c8=Q+ Rf8 28. Qxb7 Qe3+ 29. Kh1 Rf7 30. Qa8+ Rf8 31. Qd5+ Kh8 32. Bxg7+ Kxg7
33. Qd4+ 1-0

[Event "Primera Copa Universidad La Punta 2009"]
[Site "Buenos Aires ARG"]
[Date "2009.05.30"]
[Round "8.14"]
[White "Garcia, Ezequiel"]
[Black "Mazzoleni, Julio"]
[Result "1-0"]
[WhiteElo "1985"]
[BlackElo "2185"]
[PlyCount "69"]
[EventDate "2009.05.25"]
[EventType "swiss"]
[EventRounds "9"]
[EventCountry "ARG"]
[Source "lmi"]
[SourceDate "2009.05.25"]

1. c4 Nc6 2. Nc3 g6 3. g3 Bg7 4. Bg2 d6 5. e4 Nf6 6. d3 O-O 7. Nge2 Bg4 8. h3
Bxe2 9. Nxe2 Nh5 10. g4 Nf6 11. O-O Nd7 12. f4 f5 13. exf5 gxf5 14. g5 e5 15.
Ng3 exf4 16. Bxf4 Bxb2 17. Rb1 Bd4+ 18. Kh1 Nc5 19. Ne2 Be5 20. Bd5+ Kh8 21. d4
Nxd4 22. Nxd4 Qxg5 23. Qc1 Qf6 24. Bxe5 dxe5 25. Nxf5 e4 26. Qb2 Rad8 27. Ng3
Qxb2 28. Rxf8+ Rxf8 29. Rxb2 Rg8 30. Nxe4 Nxe4 31. Bxe4 Re8 32. Bf3 Re3 33. Kg2
Ra3 34. Be4 b5 35. c5 1-0

[Event "Primera Copa Universidad La Punta 2009"]
[Site "Buenos Aires ARG"]
[Date "2009.05.30"]
[Round "8.15"]
[White "Lopez, Diego"]
[Black "Ponzo, Fabian"]
[Result "1-0"]
[WhiteElo "2165"]
[BlackElo "2097"]
[PlyCount "71"]
[EventDate "2009.05.25"]
[EventType "swiss"]
[EventRounds "9"]
[EventCountry "ARG"]
[Source "lmi"]
[SourceDate "2009.05.25"]

1. d4 Nf6 2. c4 c5 3. d5 e5 4. Nc3 d6 5. e4 g6 6. Bg5 h6 7. Bh4 Bg7 8. Be2 Qc7
9. Nf3 O-O 10. Nd2 a6 11. f3 Nbd7 12. Rb1 b6 13. b4 Nh7 14. Bf2 Qd8 15. Qa4 Qe7
16. bxc5 bxc5 17. Qa5 f5 18. Na4 Nhf6 19. O-O f4 20. Nb3 g5 21. Nbxc5 dxc5 22.
Nxc5 h5 23. Ne6 Ne8 24. c5 g4 25. fxg4 Ndf6 26. Nxf8 Bxf8 27. Bc4 Qg7 28. d6+
Kh8 29. Qd2 hxg4 30. Bd5 g3 31. hxg3 fxg3 32. Bxa8 gxf2+ 33. Qxf2 Qh6 34. Bc6
Bg7 35. Rb8 Ng4 36. Qg3 1-0

[Event "Primera Copa Universidad La Punta 2009"]
[Site "Buenos Aires ARG"]
[Date "2009.05.31"]
[Round "9.1"]
[White "Barrionuevo, Pablo"]
[Black "Slipak, Sergio"]
[Result "1/2-1/2"]
[WhiteElo "2320"]
[BlackElo "2446"]
[PlyCount "22"]
[EventDate "2009.05.25"]
[EventType "swiss"]
[EventRounds "9"]
[EventCountry "ARG"]
[Source "lmi"]
[SourceDate "2009.05.25"]

1. d4 d5 2. c4 dxc4 3. Nf3 a6 4. e3 Nf6 5. Bxc4 b5 6. Bd3 Bb7 7. O-O e6 8. a4
b4 9. Nbd2 Nbd7 10. e4 Nc5 11. Qe2 Nxd3 1/2-1/2

[Event "Primera Copa Universidad La Punta 2009"]
[Site "Buenos Aires ARG"]
[Date "2009.05.31"]
[Round "9.2"]
[White "Pina, Ulises"]
[Black "Alonso, Salvador"]
[Result "1/2-1/2"]
[WhiteElo "2310"]
[BlackElo "2489"]
[PlyCount "23"]
[EventDate "2009.05.25"]
[EventType "swiss"]
[EventRounds "9"]
[EventCountry "ARG"]
[Source "lmi"]
[SourceDate "2009.05.25"]

1. e4 c5 2. c3 d5 3. exd5 Qxd5 4. d4 Nf6 5. Nf3 e6 6. Na3 Nc6 7. Nb5 Qd8 8.
dxc5 Bxc5 9. Qxd8+ Kxd8 10. Bf4 Ne4 11. Ng5 Nxg5 12. Bxg5+ 1/2-1/2